| 000 | 00396nam a2200169Ia 4500 | ||
|---|---|---|---|
| 008 | 230516s9999 xx 000 0 und d | ||
| 041 | _aeng | ||
| 082 |
_a615.19 _bJAI |
||
| 100 | _aN.K.JAIN | ||
| 245 | _aPHARMACEUTICAL ARITHAMATICS | ||
| 260 |
_aDELHI _bC.B.S. PUBLISHERS & DISTRUTORS _c1994 |
||
| 300 | _a216 | ||
| 365 | _h15 | ||
| 500 | _aPB | ||
| 520 | _aPH | ||
| 650 | _aPHARMACEUTICS | ||
| 999 |
_c362531 _d362531 |
||